Normal view
MARC view
- MANAGMENT COMMUNICATION. COMMUNICATION ETHICS
Entry Topical Term
001 - CONTROL NUMBER
- control field: 66187
003 - CONTROL NUMBER IDENTIFIER
- control field: NUST
005 - DATE AND TIME OF LATEST TRANSACTION
- control field: 20210628203540.0
008 - FIXED-LENGTH DATA ELEMENTS
- fixed length control field: 210628|| aca||aabn | a|a d
040 ## - CATALOGING SOURCE
- Original cataloging agency: NUST
- Transcribing agency: NUST
150 ## - HEADING--TOPICAL TERM
- Topical term or geographic name entry element: MANAGMENT COMMUNICATION. COMMUNICATION ETHICS
670 ## - SOURCE DATA FOUND
- Source citation: Work cat.: (NUST): O'rourke, James S, Singh, Anubha 66186, Managment communication, a case-analysis approach, 2008
